[Event "NOR-chT Clubs"]
[Site "Drammen"]
[Date "2022.05.26"]
[Round "4"]
[White "Morad, Hassen M"]
[Black "Leite, Steinar"]
[Result "1-0"]
[WhiteElo "1842"]
[BlackElo "1696"]
[PlyCount "33"]
[EventDate "2022.05.26"]
[EventType "team-swiss"]
[EventRounds "6"]
[EventCountry "NOR"]
[SourceTitle "EXT 2024"]
[Source "ChessBase"]
[SourceDate "2023.10.10"]
[SourceVersion "1"]
[SourceVersionDate "2023.10.10"]
[SourceQuality "1"]
[WhiteTeam "Fredriksstad II"]
[BlackTeam "Konnerud Tempo II"]
[WhiteTeamCountry "NOR"]
[BlackTeamCountry "NOR"]

1. d4 f5 2. Nc3 Nf6 3. Bg5 e6 4. e4 fxe4 5. Nxe4 Be7 6. Bxf6 Bxf6 7. Nf3 0-0 8. Bd3 d6 9. h4 e5 10. dxe5 dxe5 11. Nfg5 Qe7 12. Nxh7 Rd8 13. Bc4+ Be6 14. Bxe6+ Kh8 15. Qh5 g6 16. Qxg6 Bg7 17. Nhg5 1-0

[Event "Buskerud-ch op"]
[Site "Konnerud"]
[Date "2018.06.17"]
[Round "3"]
[White "Leonhardsen, Vebjorn Maanum"]
[Black "Leite, Steinar"]
[Result "1-0"]
[WhiteElo "1700"]
[BlackElo "1737"]
[PlyCount "83"]
[EventDate "2018.06.16"]
[EventType "swiss"]
[EventRounds "5"]
[EventCountry "NOR"]
[SourceTitle "EXT 2024"]
[Source "ChessBase"]
[SourceDate "2023.10.10"]
[SourceVersion "1"]
[SourceVersionDate "2023.10.10"]
[SourceQuality "1"]

1. d4 e6 2. Nf3 Be7 3. Bf4 f5 4. e3 Nf6 5. Be2 a5 6. 0-0 0-0 7. Nbd2 Na6 8. c3 Ne4 9. Nxe4 fxe4 10. Nd2 d5 11. c4 c5 12. Be5 cxd4 13. Bxd4 Bf6 14. Bxf6 Rxf6 15. cxd5 exd5 16. Nxe4 Rh6 17. Nc3 Be6 18. Bg4 Bf7 19. h3 Nc7 20. Qd2 Qe7 21. Rfd1 Rd8 22. Qd3 Rhd6 23. Nb5 Nxb5 24. Qxb5 h5 25. Bf3 b6 26. Rd2 Qh4 27. Rad1 Be8 28. Qe2 g5 29. Rd4 g4 30. hxg4 Qg5 31. gxh5 Kh8 32. g3 Bf7 33. b3 Rf6 34. Kg2 Rf8 35. Rf4 Be6 36. Qb2 Kh7 37. Rxf6 Rxf6 38. Rd4 Rxf3 39. Kxf3 Qxh5+ 40. Kg2 Bg4 41. Qc2+ Kh8 42. Rf4 1-0

[Event "Buskerud-ch"]
[Site "Drammen"]
[Date "2016.04.10"]
[Round "4"]
[White "Leite, Steinar"]
[Black "Sjoberg, Isak"]
[Result "1-0"]
[WhiteElo "1670"]
[BlackElo "1843"]
[PlyCount "143"]
[EventDate "2016.04.09"]
[EventType "swiss"]
[EventRounds "5"]
[EventCountry "NOR"]
[SourceTitle "EXT 2018"]
[Source "ChessBase"]
[SourceDate "2017.10.13"]
[SourceVersion "1"]
[SourceVersionDate "2017.10.13"]
[SourceQuality "1"]

1. e4 e5 2. Nf3 Nc6 3. Bb5 a6 4. Ba4 Nf6 5. 0-0 Be7 6. Re1 b5 7. Bb3 0-0 8. c3 d5 9. exd5 Nxd5 10. d4 exd4 11. Nxd4 Nxd4 12. Qxd4 Bb7 13. Nd2 Bf6 14. Qg4 g6 15. Nf3 c6 16. Bh6 Re8 17. Rxe8+ Qxe8 18. Re1 Qd8 19. Qe4 Bg7 20. Bxg7 Kxg7 21. Bxd5 Qxd5 22. Qxd5 cxd5 23. Re7 Bc8 24. Nd4 Kf6 25. Rc7 Be6 26. f4 h5 27. Kf2 Bg4 28. h3 Be6 29. Kf3 h4 30. Rc6 Rc8 31. Rxa6 b4 32. Rc6 Rxc6 33. Nxc6 bxc3 34. bxc3 d4 35. Nxd4 Bxa2 36. Kg4 Bd5 37. Nf3 Ke6 38. Nxh4 Be4 39. Nf3 Kd5 40. Kg3 Bf5 41. Nd2 Kd6 42. Kf3 Ke7 43. Ke3 Bd7 44. Kd4 Kf8 45. g4 Ke7 46. Nc4 Bc6 47. h4 Bf3 48. Ne5 Bd1 49. g5 Bc2 50. c4 f6 51. Nc6+ Ke6 52. Nb4 Ba4 53. Nd5 fxg5 54. hxg5 Bc6 55. Ne3 Bb7 56. Kc5 Be4 57. Kb6 Kd7 58. Ng4 Ke6 59. Nh6 Ke7 60. Kc7 Bd3 61. c5 Be4 62. c6 Bd5 63. Kb6 Be6 64. Kb7 Bd5 65. Ng4 Ke6 66. Ne5 Kf5 67. Nxg6 Kxg6 68. Kb6 Be6 69. Kc5 Kf5 70. Kd6 Bc8 71. Ke7 Kxf4 72. g6 1-0

[Event "Buskerud-ch"]
[Site "Drammen"]
[Date "2016.04.09"]
[Round "2"]
[White "Skrondal, Inge Sandstad"]
[Black "Leite, Steinar"]
[Result "1-0"]
[WhiteElo "2270"]
[BlackElo "1670"]
[PlyCount "69"]
[EventDate "2016.04.09"]
[EventType "swiss"]
[EventRounds "5"]
[EventCountry "NOR"]
[SourceTitle "EXT 2018"]
[Source "ChessBase"]
[SourceDate "2017.10.13"]
[SourceVersion "1"]
[SourceVersionDate "2017.10.13"]
[SourceQuality "1"]

1. Nf3 Nf6 2. d4 e6 3. e3 c5 4. Bd3 Be7 5. 0-0 b6 6. c4 Bb7 7. Nc3 d6 8. d5 e5 9. Nd2 Bc8 10. h3 0-0 11. f4 Nbd7 12. Nf3 Ne8 13. Bf5 exf4 14. exf4 g6 15. Bd3 f5 16. Re1 Ng7 17. Rb1 a6 18. Bd2 Ra7 19. a3 h6 20. b4 Re8 21. Qc2 Nf6 22. Kh2 Nfh5 23. a4 Bh4 24. Rxe8+ Nxe8 25. Ne2 Bf6 26. Rg1 Kh7 27. g3 Re7 28. Rg2 Bg7 29. g4 Nhf6 30. gxf5 gxf5 31. Bxf5+ Bxf5 32. Qxf5+ Kh8 33. Nh4 Re4 34. bxc5 bxc5 35. Qg6 1-0

[Event "Politiken Cup 36th"]
[Site "Helsingor"]
[Date "2014.07.25"]
[Round "6"]
[White "Leite, Steinar"]
[Black "Hyldkrog, Lars"]
[Result "1/2-1/2"]
[WhiteElo "1760"]
[BlackElo "1963"]
[PlyCount "99"]
[EventDate "2014.07.21"]
[EventType "swiss"]
[EventRounds "10"]
[EventCountry "DEN"]
[SourceTitle "CBM 161 Extra"]
[Source "ChessBase"]
[SourceDate "2014.08.29"]
[SourceVersion "1"]
[SourceVersionDate "2014.08.29"]
[SourceQuality "1"]

1. e4 e6 2. d4 d5 3. Nc3 Bb4 4. e5 c5 5. a3 Bxc3+ 6. bxc3 Ne7 7. Qg4 cxd4 8. Qxg7 Rg8 9. Qxh7 Qc7 10. Ne2 Nbc6 11. f4 dxc3 12. Qd3 d4 13. h4 Bd7 14. Rh3 Nf5 15. Ng3 Nxg3 16. Rxg3 0-0-0 17. Rxg8 Rxg8 18. Qh7 Qd8 19. Rb1 Rh8 20. Qe4 Qxh4+ 21. Ke2 Qg4+ 22. Kf2 Rh1 23. g3 Rh8 24. a4 Rg8 25. Qf3 Nd8 26. Qxg4 Rxg4 27. Rb4 Nc6 28. Rc4 Kd8 29. Bg2 Ne7 30. Bf3 Rg8 31. g4 Bc6 32. Rxd4+ Nd5 33. Bxd5 Bxd5 34. Kg3 Rh8 35. Rd1 Ke8 36. Ba3 Be4 37. a5 Bxc2 38. Rc1 Be4 39. Rxc3 Kd7 40. Rc4 Bd5 41. Rc1 Rh1 42. Rc3 Rb1 43. Kh4 Rb3 44. Rxb3 Bxb3 45. Kg5 b6 46. Kf6 Ke8 47. axb6 axb6 48. Bd6 b5 49. f5 exf5 50. gxf5 1/2-1/2

[Event "Politiken Cup 36th"]
[Site "Helsingor"]
[Date "2014.07.22"]
[Round "3"]
[White "Stray, Gunnar"]
[Black "Leite, Steinar"]
[Result "1-0"]
[WhiteElo "2053"]
[BlackElo "1760"]
[PlyCount "27"]
[EventDate "2014.07.21"]
[EventType "swiss"]
[EventRounds "10"]
[EventCountry "DEN"]
[SourceTitle "CBM 161 Extra"]
[Source "ChessBase"]
[SourceDate "2014.08.29"]
[SourceVersion "1"]
[SourceVersionDate "2014.08.29"]
[SourceQuality "1"]

1. d4 e6 2. Nf3 f5 3. h3 Nf6 4. g4 fxg4 5. hxg4 d5 6. Qd3 b6 7. Ne5 Bb7 8. Bg5 Nbd7 9. Nd2 Be7 10. Rxh7 0-0 11. Bxf6 Nxf6 12. Rh2 Ne4 13. Qh3 Bh4 14. Nxe4 1-0

[Event "Budapest FS02 FM-B"]
[Site "Budapest"]
[Date "2014.02.10"]
[Round "10"]
[White "Leite, Steinar"]
[Black "Csiba, Tibor"]
[Result "1-0"]
[WhiteElo "1734"]
[BlackElo "1554"]
[PlyCount "59"]
[EventDate "2014.02.01"]
[EventType "tourn"]
[EventRounds "11"]
[EventCountry "HUN"]
[SourceTitle "CBM 158 Extra"]
[Source "ChessBase"]
[SourceDate "2014.02.28"]
[SourceVersion "1"]
[SourceVersionDate "2014.02.28"]
[SourceQuality "1"]

1. e4 d6 2. d4 Nf6 3. Nc3 c6 4. h3 e5 5. dxe5 dxe5 6. Bd3 h6 7. Be3 Be6 8. Nge2 Bd6 9. Qd2 Nbd7 10. f4 exf4 11. Nxf4 Bxf4 12. Bxf4 Nc5 13. 0-0 Nxd3 14. cxd3 Nh5 15. Be3 Qd7 16. Rf3 b6 17. d4 0-0-0 18. Rd1 Nf6 19. b4 Bc4 20. a4 Qe7 21. Qc2 Kb7 22. b5 cxb5 23. axb5 Rc8 24. Qa4 Nxe4 25. Ra1 Ka8 26. Nxe4 Bd5 27. Bf4 Rc4 28. Qa6 Rxd4 29. Rfa3 Rxe4 30. Qxa7+ 1-0

[Event "Budapest FS02 FM-B"]
[Site "Budapest"]
[Date "2014.02.09"]
[Round "9"]
[White "Di Giovanni, Vilmos"]
[Black "Leite, Steinar"]
[Result "0-1"]
[WhiteElo "1790"]
[BlackElo "1734"]
[PlyCount "64"]
[EventDate "2014.02.01"]
[EventType "tourn"]
[EventRounds "11"]
[EventCountry "HUN"]
[SourceTitle "CBM 158 Extra"]
[Source "ChessBase"]
[SourceDate "2014.02.28"]
[SourceVersion "1"]
[SourceVersionDate "2014.02.28"]
[SourceQuality "1"]

1. d4 Nf6 2. Nf3 e6 3. Bf4 c5 4. e3 cxd4 5. exd4 a6 6. Nbd2 d5 7. Bd3 Nc6 8. c3 Bd6 9. Bg5 h6 10. Bh4 Bd7 11. Qe2 Qc7 12. Bg3 Nh5 13. 0-0-0 Nf4 14. Bxf4 Bxf4 15. g3 Bd6 16. Rde1 b5 17. Kb1 0-0 18. Bc2 Rfb8 19. Qd3 g6 20. Nh4 Ne7 21. f4 Kg7 22. Nhf3 Rb6 23. h4 Rc8 24. h5 b4 25. Nb3 Bb5 26. Qe3 bxc3 27. Rc1 cxb2 28. Kxb2 Bc4 29. hxg6 Nf5 30. Bxf5 exf5 31. gxf7 Rcb8 32. Qe6 Ba3+ 0-1

[Event "Budapest FS02 FM-B"]
[Site "Budapest"]
[Date "2014.02.05"]
[Round "5"]
[White "Leite, Steinar"]
[Black "Karacsonyi, Gellert"]
[Result "0-1"]
[WhiteElo "1734"]
[BlackElo "1797"]
[PlyCount "60"]
[EventDate "2014.02.01"]
[EventType "tourn"]
[EventRounds "11"]
[EventCountry "HUN"]
[SourceTitle "CBM 158 Extra"]
[Source "ChessBase"]
[SourceDate "2014.02.28"]
[SourceVersion "1"]
[SourceVersionDate "2014.02.28"]
[SourceQuality "1"]

1. e4 c5 2. Nf3 e6 3. g3 Nc6 4. Bg2 g6 5. Na3 d5 6. exd5 exd5 7. 0-0 Nge7 8. d4 cxd4 9. Nxd4 Bg7 10. c3 Nxd4 11. cxd4 0-0 12. Bg5 h6 13. Bf4 Qb6 14. Qe2 Nf5 15. Nb5 Bd7 16. Nc7 Nxd4 17. Qd2 Rad8 18. Nxd5 Qb5 19. Nc3 Qh5 20. Qd1 Bg4 21. Qa4 Nf3+ 22. Bxf3 Bxf3 23. h4 Rd4 24. Qb5 Qg4 25. Kh2 Rxf4 26. Nd5 Bxd5 27. Qxd5 Qf3 28. Qd2 Rxh4+ 29. gxh4 Be5+ 30. Kg1 Qg4+ 0-1

[Event "Budapest FS02 FM-B"]
[Site "Budapest"]
[Date "2014.02.02"]
[Round "2"]
[White "Steer, Jozsef"]
[Black "Leite, Steinar"]
[Result "1/2-1/2"]
[WhiteElo "1923"]
[BlackElo "1734"]
[PlyCount "71"]
[EventDate "2014.02.01"]
[EventType "tourn"]
[EventRounds "11"]
[EventCountry "HUN"]
[SourceTitle "CBM 158 Extra"]
[Source "ChessBase"]
[SourceDate "2014.02.28"]
[SourceVersion "1"]
[SourceVersionDate "2014.02.28"]
[SourceQuality "1"]

1. e4 e5 2. Bc4 Nc6 3. Nf3 Nf6 4. d4 exd4 5. Nxd4 Bc5 6. Nxc6 bxc6 7. Nc3 0-0 8. 0-0 d6 9. Bg5 Be6 10. Qd3 Rb8 11. Bb3 h6 12. Bh4 g5 13. Bg3 Rb4 14. e5 Rd4 15. Qf3 Nd5 16. exd6 Bg4 17. Nxd5 Bxf3 18. Ne7+ Kh7 19. gxf3 cxd6 20. Nxc6 Qf6 21. Nxd4 Bxd4 22. c3 Be5 23. Bxe5 dxe5 24. Kg2 Qf4 25. h3 f5 26. Rad1 e4 27. fxe4 Qxe4+ 28. f3 Qb7 29. Rf2 Kg6 30. Rd4 Qe7 31. Rfd2 Qe1 32. Rd7 Rf6 33. R7d6 h5 34. Rd8 Qe7 35. Rg8+ Kh6 36. Rh8+ 1/2-1/2

[Event "Budapest FS02 FM-B"]
[Site "Budapest"]
[Date "2014.02.01"]
[Round "1"]
[White "Leite, Steinar"]
[Black "Lakat, Gyula"]
[Result "1-0"]
[WhiteElo "1734"]
[BlackElo "1802"]
[PlyCount "133"]
[EventDate "2014.02.01"]
[EventType "tourn"]
[EventRounds "11"]
[EventCountry "HUN"]
[SourceTitle "CBM 158 Extra"]
[Source "ChessBase"]
[SourceDate "2014.02.28"]
[SourceVersion "1"]
[SourceVersionDate "2014.02.28"]
[SourceQuality "1"]

1. e4 c5 2. Nf3 d6 3. c3 a6 4. d4 Qc7 5. Bd3 b6 6. 0-0 g6 7. Bf4 Nf6 8. Re1 Nh5 9. Be3 Bg7 10. Nbd2 Nc6 11. d5 Ne5 12. Nxe5 Bxe5 13. g3 Bg7 14. f4 0-0 15. f5 Nf6 16. g4 gxf5 17. gxf5 e6 18. Qf3 exd5 19. exd5 Bb7 20. c4 Nd7 21. Qh3 Kh8 22. Nf3 Bf6 23. Kh1 Rg8 24. Rg1 Ne5 25. Nxe5 dxe5 26. Be4 Qd6 27. Rg3 Rxg3 28. hxg3 Qf8 29. Kg2 Qg7 30. Bh6 Qg8 31. Rh1 Rd8 32. Kf3 Rd6 33. g4 Bg7 34. Be3 f6 35. g5 fxg5 36. Bxg5 Bf6 37. Bh6 Rd7 38. Qh2 Rf7 39. Rg1 Qd8 40. Qh5 Qe7 41. Qg4 Qe8 42. Ke3 b5 43. b3 b4 44. Bg5 Qf8 45. Kd3 a5 46. Bh6 Qe8 47. Bg5 Qf8 48. Bxf6+ Rxf6 49. Qg3 Bc8 50. Qxe5 Bd7 51. Rg2 Bc8 52. Kc2 Bd7 53. Kb2 Bc8 54. Rd2 Qd6 55. Qxd6 Rxd6 56. Rg2 Bd7 57. Kc2 Rf6 58. Rf2 Kg7 59. Kd3 Kf7 60. Ke3 Rh6 61. f6 Rh3+ 62. Kd2 a4 63. d6 axb3 64. Bd5+ Be6 65. Bxe6+ Kxe6 66. axb3 Kf7 67. d7 1-0

[Event "NOR-ch Class2"]
[Site "Lillehammer"]
[Date "2013.06.29"]
[Round "5"]
[White "Aagedal, Geir Ole"]
[Black "Leite, Steinar"]
[Result "0-1"]
[WhiteElo "1559"]
[BlackElo "1554"]
[PlyCount "64"]
[EventDate "2013.06.29"]
[EventType "swiss"]
[EventRounds "9"]
[EventCountry "NOR"]
[SourceTitle "EXT 2017"]
[Source "ChessBase"]
[SourceDate "2016.10.25"]
[SourceVersion "1"]
[SourceVersionDate "2016.10.25"]
[SourceQuality "1"]

1. e4 e5 2. Bc4 Bc5 3. Nf3 Nc6 4. c3 d6 5. h3 Nf6 6. d3 Be6 7. Bxe6 fxe6 8. a4 a5 9. Qb3 Qc8 10. Be3 Ba7 11. Na3 0-0 12. Nb5 Bxe3 13. fxe3 d5 14. exd5 Nxd5 15. Ke2 Rf6 16. Nd2 Qd8 17. Raf1 Rxf1 18. Rxf1 Qg5 19. e4 Qxg2+ 20. Rf2 Nf4+ 21. Ke3 Qg3+ 22. Nf3 Rd8 23. d4 Nxd4 24. cxd4 Rxd4 25. Nbxd4 exd4+ 26. Kxd4 Qxf2+ 27. Ke5 Qg3 28. Kd4 h6 29. h4 Kh7 30. Kc4 Qg2 31. Kb5 Qe2+ 32. Qc4 Qxb2+ 0-1

[Event "NOR-ch Class2"]
[Site "Lillehammer"]
[Date "2013.06.29"]
[Round "2"]
[White "Leite, Steinar"]
[Black "Dahl, Torbjorn"]
[Result "1-0"]
[WhiteElo "1554"]
[BlackElo "1615"]
[PlyCount "39"]
[EventDate "2013.06.29"]
[EventType "swiss"]
[EventRounds "9"]
[EventCountry "NOR"]
[SourceTitle "EXT 2017"]
[Source "ChessBase"]
[SourceDate "2016.10.25"]
[SourceVersion "1"]
[SourceVersionDate "2016.10.25"]
[SourceQuality "1"]

1. e4 Nf6 2. Nc3 d5 3. exd5 Nxd5 4. Bc4 Be6 5. Qf3 c6 6. d4 Nc7 7. Bxe6 Nxe6 8. Nge2 Nxd4 9. Nxd4 Qxd4 10. Be3 Qf6 11. Qg3 Nd7 12. Qc7 e5 13. 0-0-0 Qe6 14. Ne4 Rd8 15. Kb1 f6 16. Nd6+ Bxd6 17. Rxd6 Qf7 18. Rhd1 Qe7 19. Qxb7 Rf8 20. Qxc6 1-0

[Event "NOR-ch Class2"]
[Site "Lillehammer"]
[Date "2013.06.29"]
[Round "4"]
[White "Leite, Steinar"]
[Black "Skrede, Snorre"]
[Result "0-1"]
[WhiteElo "1554"]
[BlackElo "1567"]
[PlyCount "60"]
[EventDate "2013.06.29"]
[EventType "swiss"]
[EventRounds "9"]
[EventCountry "NOR"]
[SourceTitle "EXT 2017"]
[Source "ChessBase"]
[SourceDate "2016.10.25"]
[SourceVersion "1"]
[SourceVersionDate "2016.10.25"]
[SourceQuality "1"]

1. e4 c5 2. Nf3 g6 3. c3 d5 4. exd5 Qxd5 5. Na3 a6 6. d4 cxd4 7. cxd4 b5 8. Be2 Bb7 9. Nc2 Bg7 10. Be3 Nh6 11. 0-0 0-0 12. Nfe1 Nf5 13. Bf3 Qd7 14. Rc1 Nc6 15. Nd3 Nxe3 16. fxe3 Na5 17. b3 Rac8 18. Nc5 Bxf3 19. Qxf3 Qa7 20. Nb4 e5 21. Nd5 exd4 22. b4 Nc4 23. Rfd1 dxe3 24. Nxe3 Nxe3 25. Qxe3 Rfe8 26. Qf3 Re7 27. Rc2 Rce8 28. Qf2 a5 29. bxa5 Qxa5 30. Nb3 Re1+ 0-1

[Event "Oslo Elo op"]
[Site "Oslo"]
[Date "2012.09.30"]
[Round "1"]
[White "Rishovd, Svein"]
[Black "Leite, Steinar"]
[Result "1-0"]
[WhiteElo "1996"]
[BlackElo "1681"]
[PlyCount "71"]
[EventDate "2012.09.30"]
[EventType "swiss"]
[EventRounds "9"]
[EventCountry "NOR"]
[SourceTitle "EXT 2013"]
[Source "ChessBase"]
[SourceDate "2012.11.22"]
[SourceVersion "1"]
[SourceVersionDate "2012.11.22"]
[SourceQuality "1"]

1. c4 f5 2. Nf3 Nf6 3. Nc3 e6 4. d4 Be7 5. g3 0-0 6. Bg2 Qe8 7. 0-0 d6 8. Re1 Ne4 9. Nd2 Nxc3 10. bxc3 Nd7 11. Rb1 Rb8 12. e4 f4 13. gxf4 Rxf4 14. Nf3 Rg4 15. h3 Rg6 16. Bf4 e5 17. dxe5 Nxe5 18. Bxe5 dxe5 19. Nxe5 Rd6 20. Qe2 Bf6 21. c5 Re6 22. Ng4 Bxc3 23. Rec1 Be5 24. Nxe5 Rxe5 25. f4 Rh5 26. Rb3 Rh4 27. f5 Qe5 28. Qb2 Qe8 29. Rg3 Qf8 30. f6 g6 31. Qe5 Qf7 32. Qg5 Rxh3 33. Bxh3 Bxh3 34. Rxh3 Rd8 35. Rb3 Qd7 36. Qd5+ 1-0

[Event "Oslo Nordstrand GP A"]
[Site "Oslo"]
[Date "2012.04.22"]
[Round "5"]
[White "Snellingen, Jorn"]
[Black "Leite, Steinar"]
[Result "1-0"]
[WhiteElo "1828"]
[BlackElo "1489"]
[PlyCount "57"]
[EventDate "2012.04.20"]
[EventType "swiss"]
[EventRounds "5"]
[EventCountry "NOR"]
[SourceTitle "EXT 2023"]
[Source "ChessBase"]
[SourceDate "2022.10.05"]
[SourceVersion "1"]
[SourceVersionDate "2022.10.05"]
[SourceQuality "1"]

1. d4 Nf6 2. c4 c5 3. d5 b5 4. cxb5 a6 5. bxa6 Bxa6 6. Nc3 g6 7. g3 d6 8. Bg2 Bg7 9. Nf3 Nbd7 10. 0-0 0-0 11. Re1 Qa5 12. Qc2 Rfb8 13. Bd2 Qc7 14. e4 Ng4 15. Bf1 c4 16. Rab1 Nge5 17. Nxe5 Nxe5 18. Kg2 Ra7 19. Be3 Rab7 20. Qa4 Nd3 21. Bxd3 cxd3 22. Qxa6 Bxc3 23. Rec1 Qa5 24. Qxd3 Bxb2 25. Rc6 Qxa2 26. Qc2 Qa3 27. Rc8+ Kg7 28. Rxb8 Rxb8 29. Rxb2 1-0

[Event "Reykjavik op"]
[Site "Reykjavik"]
[Date "2012.03.07"]
[Round "2"]
[White "Leite, Steinar"]
[Black "Edvardsen, Ragnar"]
[Result "0-1"]
[WhiteElo "1707"]
[BlackElo "2045"]
[PlyCount "56"]
[EventDate "2012.03.06"]
[EventType "swiss"]
[EventRounds "9"]
[EventCountry "ISL"]
[SourceTitle "CBM 147 Extra"]
[Source "ChessBase"]
[SourceDate "2012.04.24"]
[SourceVersion "1"]
[SourceVersionDate "2012.04.24"]
[SourceQuality "1"]

1. e4 c5 2. Nf3 Nc6 3. Bb5 d6 4. Bxc6+ bxc6 5. e5 g6 6. 0-0 Bg7 7. Re1 Bg4 8. exd6 Qxd6 9. h3 Bxf3 10. Qxf3 e6 11. d3 Ne7 12. Nd2 Qd5 13. Qe2 Rd8 14. Nc4 Nf5 15. Be3 0-0 16. Rac1 h5 17. Bf4 Nd4 18. Qd2 Nf5 19. Re4 Rd7 20. Rce1 Rb8 21. Be5 Rbd8 22. Bxg7 Kxg7 23. Re5 Qxc4 24. Qa5 Qd4 25. R1e4 Qd6 26. Qc3 Kh7 27. Rxc5 Nd4 28. b3 Qf4 0-1

[Event "Reykjavik op"]
[Site "Reykjavik"]
[Date "2012.03.06"]
[Round "1"]
[White "Vaarala, Eric"]
[Black "Leite, Steinar"]
[Result "1-0"]
[WhiteElo "2241"]
[BlackElo "1707"]
[PlyCount "40"]
[EventDate "2012.03.06"]
[EventType "swiss"]
[EventRounds "9"]
[EventCountry "ISL"]
[SourceTitle "CBM 147 Extra"]
[Source "ChessBase"]
[SourceDate "2012.04.24"]
[SourceVersion "1"]
[SourceVersionDate "2012.04.24"]
[SourceQuality "1"]

1. e4 e5 2. Nf3 Nc6 3. Bb5 f5 4. d3 fxe4 5. dxe4 Nf6 6. 0-0 Bc5 7. Bg5 d6 8. Nc3 Be6 9. Nd5 a6 10. Ba4 0-0 11. Bb3 Qd7 12. Bxf6 gxf6 13. c3 Kh8 14. Nh4 Na5 15. Qh5 Qg7 16. Ne7 Qf7 17. Nhg6+ Kg7 18. Bxe6 hxg6 19. Nf5+ gxf5 20. Bxf7 fxe4 1-0

[Event "NOR-chT Clubs"]
[Site "Drammen"]
[Date "2010.10.09"]
[Round "2.51"]
[White "Leite, Steinar"]
[Black "Roholdt, Njaal"]
[Result "1-0"]
[WhiteElo "1365"]
[BlackElo "1334"]
[PlyCount "101"]
[EventDate "2010.10.08"]
[EventType "team"]
[EventRounds "6"]
[EventCountry "NOR"]
[SourceTitle "EXT 2015"]
[Source "ChessBase"]
[SourceDate "2014.11.20"]
[SourceVersion "1"]
[SourceVersionDate "2014.11.20"]
[SourceQuality "1"]
[WhiteTeam "Modum"]
[BlackTeam "Drammen II"]
[WhiteTeamCountry "NOR"]
[BlackTeamCountry "NOR"]

1. e4 c5 2. Nf3 d6 3. Bb5+ Bd7 4. Bxd7+ Qxd7 5. 0-0 Nc6 6. Re1 Nf6 7. c3 g6 8. d4 cxd4 9. cxd4 Bg7 10. d5 Nb4 11. a3 Na6 12. Nc3 0-0 13. Be3 Ng4 14. Bd4 Rac8 15. h3 Ne5 16. Nxe5 Bxe5 17. Bxe5 dxe5 18. Re3 Nc7 19. Qe2 a6 20. Re1 Qd6 21. Rg3 Ne8 22. h4 Kh8 23. h5 gxh5 24. Qxh5 Nf6 25. Qf5 Rg8 26. Rh3 Qd7 27. Qxd7 Nxd7 28. Rh5 Rg6 29. f3 Rcg8 30. g4 Nc5 31. b4 Nd7 32. Kf2 f6 33. Reh1 h6 34. Ne2 Kg7 35. Ng3 Nb6 36. Nf5+ Kf8 37. Rc1 Kf7 38. Nxh6+ Kg7 39. Nxg8 Kxg8 40. Rc7 Rg7 41. Rxb7 Nc4 42. a4 Nb2 43. a5 Kf7 44. d6 Ke6 45. dxe7 Rg8 46. Rb6+ Kd7 47. Rh7 Rc8 48. Rxf6 Rc2+ 49. Kg3 Nd3 50. Rf8 Kd6 51. Rd8+ 1-0

[Event "Oslo ASKO op"]
[Site "Oslo"]
[Date "2009.01.23"]
[Round "2"]
[White "Leite, Steinar"]
[Black "Thingstad, Tormod"]
[Result "1/2-1/2"]
[WhiteElo "1165"]
[BlackElo "949"]
[PlyCount "56"]
[EventDate "2009.01.23"]
[EventType "swiss"]
[EventRounds "5"]
[EventCountry "NOR"]
[SourceTitle "EXT 2011"]
[Source "ChessBase"]
[SourceDate "2010.11.26"]
[SourceVersion "1"]
[SourceVersionDate "2010.11.26"]
[SourceQuality "1"]

1. e4 e5 2. Nf3 Nc6 3. d4 exd4 4. Nxd4 Bc5 5. Be3 Qf6 6. c3 Nge7 7. Be2 Qg6 8. Bf3 Ne5 9. Nf5 Nxf3+ 10. Qxf3 Nxf5 11. exf5 Qd6 12. Bxc5 Qxc5 13. 0-0 0-0 14. Nd2 d6 15. f6 g6 16. Qf4 Qf5 17. Qxf5 Bxf5 18. Rfe1 Rfe8 19. Nf3 Re6 20. Nd4 Rxf6 21. Re7 Rc8 22. Rae1 Kf8 23. b4 a6 24. a4 c5 25. Nxf5 Rxf5 26. Rxb7 cxb4 27. cxb4 Rc2 28. Rf1 Rb2 1/2-1/2

[Event "Oslo ASKO op"]
[Site "Oslo"]
[Date "2009.01.23"]
[Round "3"]
[White "Olsen, Ulrik"]
[Black "Leite, Steinar"]
[Result "0-1"]
[WhiteElo "999"]
[BlackElo "1165"]
[PlyCount "82"]
[EventDate "2009.01.23"]
[EventType "swiss"]
[EventRounds "5"]
[EventCountry "NOR"]
[SourceTitle "EXT 2011"]
[Source "ChessBase"]
[SourceDate "2010.11.26"]
[SourceVersion "1"]
[SourceVersionDate "2010.11.26"]
[SourceQuality "1"]

1. d4 Nf6 2. c4 e5 3. d5 Bc5 4. Nc3 a6 5. Bg5 Bxf2+ 6. Kxf2 Ng4+ 7. Ke1 Qxg5 8. Nf3 Qe7 9. h3 Ne3 10. Qd3 Nxf1 11. Rxf1 d6 12. e4 Nd7 13. Qe3 f6 14. g4 Nf8 15. g5 Bxh3 16. gxf6 gxf6 17. Rf2 Rg8 18. Kd2 Bd7 19. Raf1 Rg3 20. Qe2 Ng6 21. Ne1 Nf4 22. Qd1 0-0-0 23. Ne2 Bg4 24. Nf3 Bxf3 25. Rxf3 Rxf3 26. Rxf3 Nxe2 27. Qxe2 Rg8 28. Qf2 Rg6 29. Qh4 Qg7 30. Qh3+ Kb8 31. Qe6 h5 32. Rh3 Rg2+ 33. Kc3 Qg4 34. Qe8+ Ka7 35. Qxh5 Qxe4 36. Rd3 Qe1+ 37. Kb3 Qb1 38. Qf3 Qxb2+ 39. Ka4 Qxa2+ 40. Ra3 Qxc4+ 41. Ka5 Qb5# 0-1

[Event "NOR-chB"]
[Site "Moss"]
[Date "2006.07.14"]
[Round "8"]
[White "Leite, Steinar"]
[Black "Holter, Karl Erik"]
[Result "1-0"]
[WhiteElo "754"]
[BlackElo "645"]
[PlyCount "49"]
[EventDate "2006.07.08"]
[EventType "swiss"]
[EventRounds "9"]
[EventCountry "NOR"]
[SourceTitle "EXT 2007"]
[Source "ChessBase"]
[SourceDate "2006.11.23"]
[SourceVersion "1"]
[SourceVersionDate "2006.11.23"]
[SourceQuality "1"]

1. e4 e5 2. Nf3 Nc6 3. Be2 Nf6 4. d3 h6 5. a3 g6 6. Be3 Bg7 7. Nc3 d6 8. h3 Be6 9. d4 exd4 10. Nxd4 Nxd4 11. Bxd4 c5 12. Be3 0-0 13. Qd2 a6 14. Bxh6 Bxh6 15. Qxh6 d5 16. exd5 Nxd5 17. Rd1 Qa5 18. Rd3 Rad8 19. 0-0 Nxc3 20. Rxc3 Rd2 21. Bh5 c4 22. Bxg6 Re8 23. Bh7+ Kh8 24. Rg3 Rxf2 25. Qg7# 1-0